000
00325nam a22001337a 4500
020
_a
81-7214233-1
082
_a
230 BAL
100
_a
Balasundaram, Franklyn J.
245
_a
Contemporary Asian Christian Theology
260
_a
Bangalore
_b
UTC and ISPCK
_c
2009
300
_a
217
650
_a
Theology-Christian
942
_c
BK
999
_c
20594
_d
20594